01350cam a22002891 45000010005000000030008000050050017000130080039000300350018000690400032000870410008001190820018001271000030001452450125001752600031003003000031003314100083003625000131004455040041005766500070006176500058006877000044007458560098007899420012008879990015008999520146009144264BD-RjUL20211208233849.0131222s1967 nyua b 001 0 eng a(BD-RjUL)4299 aDLCcDLCdDLCdBD-RjULbeng aeng00a332bHES 19671 aHester, Donald D.,91351410aStudies of portfolio behavior /cedited by Donald D. Hester and James Tobin. Contributors: Donald D. Hester [and others] aNew York :bWiley ,cc1967 aix, 258 p.billus.c23 cm.20aCowles Foundation for Research in Economics at Yale University.tMonographv20 a"One of three Monographs (19, 20 and 21) that bring together nineteen essays on theoretical and empirical monetary economics." aBibliographical footnotes and index. 0aSaving and investmentzUnited StatesxMathematical models.913515 0aConsumerszUnited StatesxMathematical models.9135161 aTobin, James,d1918-ejoint comp.96759 uhttp://www.worldcat.org/title/studies-of-portfolio-behavior/oclc/179469&referer=brief_results 2ddccBK c4264d4264 00102ddc40718NFICaRUCLbRUCLcReadingd1974-12-14eJohnathan wren & co.g4.80l0o332 HES 1967r2013-12-22 00:00:00tC-1w2021-12-08yBK